Biblioteca ESET

Ariadna. Para una teoria de la comunicación (Registro nro. 282)

Detalles MARC
000 -CABECERA
fixed length control field 00428nam a22001457a 4500
001 - NUMERO DE CONTROL
control field 9789875586000
003 - CONTROL NUMBER IDENTIFIER
control field AR-BeUNQ
005 - FECHA Y HORA DE LA ULTIMA TRANSACCION
control field 20241202170706.0
245 06 - MENCION DE TITULO
Título Ariadna. Para una teoria de la comunicación
Mención de responsabilidad, etc Sergio Caletti
Medio físico libro
250 06 - MENCION DE EDICION
Mención de edición 1a.ed
260 ## - PUBLICACION, DISTRIBUCION, ETC.
Lugar de publicación, distribución, etc. Bernal :
Nombre del editor, distribuidor, etc. Universidad NAcional de Quilmes,
Fecha de publicación, distribución, etc 2019
500 ## - NOTA GENERAL
Nota general Comunicación. Teoría de la información. Semiología.
942 #6 - ELEMENTOS DE PUNTO DE ACCESO ADICIONAL (KOHA)
Tipo de ítem Koha Libros
Existencias
Estado de retiro Estado de pérdida No para préstamo Ubicación permanente Ubicación actual Ubicación en estantería Fecha de ingreso Total Checkouts Signatura topográfica completa Inventario Date last seen Tipo de ítem Koha
      Biblioteca ESET - UNQ Biblioteca ESET - UNQ CIRCULACION 16/06/2022   616 /CAL 59564 07/07/2022 Libros

ESET UNQ

☏ 4365-7188
 Avenida República de Francia 1714 entre Doctor Kenny y Concordia, Ezpeleta, Bs As.
✉ secretaria_eset@unq.edu.ar

Con tecnología Koha